000 00805nam a2200313Ia 4500
001 AUWbook002318
003 BDCtgAUW
005 20260406155155.0
008 220908s9999 xx 000 0 eng d
020 _a0824828224
040 _aBDCtgAUW
_cBDCtgAUW
100 1 _aGeertz Hildred.
245 0 _aTales from a charmed life :
_bbalinese painter reminisces /
260 _aHonolulu :
_bUniversity of Hawai'i Press,
_c2005.
300 _aix, 245 pages.
650 0 _aChildhood and youth.
650 0 _aFine arts.
650 0 _aIda Bagus Made.
650 0 _aPainters.
650 0 _aPainting.
650 0 _aTogog.
651 0 _aIndonesia.
_978647
700 1 _aTogog, Ida Bagus Made.
887 _a BRAC
_22982
888 _22982
942 _cBK
945 _cBK
999 _c17911
_d17911